[Event "Reunion op 14th"]
[Site "St Denis"]
[Date "2012.10.11"]
[Round "6"]
[White "Deurvillier, Martial"]
[Black "Lecoro, Sylvain"]
[Result "0-1"]
[WhiteElo "1620"]
[BlackElo "1713"]
[PlyCount "46"]
[EventDate "2012.10.06"]
[EventType "swiss"]
[EventRounds "9"]
[EventCountry "RUF"]
[SourceTitle "EXT 2013"]
[Source "ChessBase"]
[SourceDate "2012.11.22"]
[SourceVersion "1"]
[SourceVersionDate "2012.11.22"]
[SourceQuality "1"]

1. d4 Nf6 2. Bg5 d5 3. Bxf6 gxf6 4. e3 e5 5. dxe5 fxe5 6. c4 d4 7. exd4 exd4 8. Nf3 Bb4+ 9. Nbd2 Rg8 10. a3 Be7 11. g3 Qd6 12. Ne4 Qg6 13. Qxd4 Nc6 14. Qe3 Bf5 15. Bd3 0-0-0 16. 0-0 h5 17. h4 Rxd3 18. Qxd3 Bxe4 19. Qe3 Qf5 20. Nd2 Bd3 21. Rfe1 Bc5 22. Qf3 Qxf3 23. Nxf3 Rxg3+ 0-1

[Event "Reunion op 14th"]
[Site "St Denis"]
[Date "2012.10.06"]
[Round "1"]
[White "Lecoro, Sylvain"]
[Black "Hecht, Hans Joachim"]
[Result "0-1"]
[WhiteElo "1713"]
[BlackElo "2347"]
[PlyCount "60"]
[EventDate "2012.10.06"]
[EventType "swiss"]
[EventRounds "9"]
[EventCountry "RUF"]
[SourceTitle "EXT 2013"]
[Source "ChessBase"]
[SourceDate "2012.11.22"]
[SourceVersion "1"]
[SourceVersionDate "2012.11.22"]
[SourceQuality "1"]

1. e4 e5 2. Nc3 Nf6 3. f4 d5 4. exd5 exf4 5. Nf3 Nxd5 6. Bc4 Be6 7. Qe2 Be7 8. 0-0 Nc6 9. d4 0-0 10. Nxd5 Bxd5 11. c3 Bxc4 12. Qxc4 Qd6 13. Nd2 g5 14. Ne4 Qg6 15. Qe2 Rae8 16. Bxf4 gxf4 17. Rxf4 f5 18. Qc4+ Kh8 19. Nc5 Rg8 20. Rf2 Bh4 21. Rc2 f4 22. Qd3 f3 23. g3 Qg4 24. Qf1 Ne7 25. Nd3 Nf5 26. Ne5 Rxe5 27. dxe5 Nxg3 28. hxg3 Bxg3 29. Qd3 Bf4+ 30. Kf2 Qg3+ 0-1

[Event "Reunion op 13th"]
[Site "St Denis"]
[Date "2011.10.02"]
[Round "3"]
[White "Lecoro, Sylvain"]
[Black "Andriandaza, Tombo Omar"]
[Result "0-1"]
[WhiteElo "1725"]
[BlackElo "1499"]
[PlyCount "76"]
[EventDate "2011.10.01"]
[EventType "swiss"]
[EventRounds "9"]
[EventCountry "RUF"]
[SourceTitle "EXT 2012"]
[Source "ChessBase"]
[SourceDate "2011.11.24"]
[SourceVersion "1"]
[SourceVersionDate "2011.11.24"]
[SourceQuality "1"]

1. e4 f5 2. Nc3 d6 3. f4 e5 4. Nf3 Nf6 5. fxe5 Nxe4 6. Bc4 g6 7. 0-0 dxe5 8. Nxe4 fxe4 9. Bf7+ Kxf7 10. Nxe5+ Ke8 11. d4 Be6 12. c3 Nc6 13. Ng4 Bg7 14. Qe2 Bd5 15. Qb5 Rb8 16. Bh6 Bxh6 17. Nf6+ Kf7 18. Nxd5+ Kg7 19. Nb4 Re8 20. Nc2 e3 21. Rae1 Qh4 22. d5 a6 23. Qe2 Ne7 24. c4 Nf5 25. g4 Nd6 26. b3 Re4 27. Kh1 Rxg4 28. Nxe3 Bxe3 29. Qxe3 Nf5 30. Rxf5 gxf5 31. Qe5+ Kh6 32. Qe6+ Rg6 33. Qe3+ Rg5 34. Qe6+ Rg6 35. Qe3+ f4 36. Qe5 Qg4 37. Qe4 Re8 38. Qxg6+ Qxg6 0-1

[Event "Reunion op 12th"]
[Site "St Denis"]
[Date "2010.10.09"]
[Round "1"]
[White "Lecoro, Sylvain"]
[Black "Semanele, Donald"]
[Result "1-0"]
[WhiteElo "1763"]
[BlackElo "1280"]
[PlyCount "67"]
[EventDate "2010.10.09"]
[EventType "swiss"]
[EventRounds "9"]
[EventCountry "RUF"]
[SourceTitle "CBM 138 Extra"]
[Source "ChessBase"]
[SourceDate "2010.10.29"]
[SourceVersion "1"]
[SourceVersionDate "2010.10.29"]
[SourceQuality "1"]

1. e4 e5 2. Nc3 d6 3. f4 g6 4. Nf3 Bg7 5. Bc4 h6 6. 0-0 Nc6 7. fxe5 Be6 8. Bxe6 fxe6 9. exd6 Qxd6 10. d3 0-0-0 11. Be3 a6 12. Qe2 e5 13. Nh4 Nge7 14. Rf7 Bf6 15. Qg4+ Kb8 16. Rf1 Bg5 17. Bxg5 hxg5 18. Qxg5 Rdf8 19. Rxf8+ Rxf8 20. Rxf8+ Ka7 21. Qf6 Qd4+ 22. Qf2 Qxf2+ 23. Rxf2 g5 24. Nf5 Ng6 25. g3 b5 26. a3 Kb6 27. Nd5+ Kb7 28. b4 a5 29. h4 a4 30. h5 Nf8 31. Nde7 Nxe7 32. Nxe7 Ne6 33. h6 g4 34. h7 1-0

[Event "Reunion op 11th"]
[Site "St Denis"]
[Date "2009.10.10"]
[Round "1"]
[White "Vitoux, Colomban"]
[Black "Lecoro, Sylvain"]
[Result "1-0"]
[WhiteElo "2429"]
[BlackElo "1560"]
[PlyCount "45"]
[EventDate "2009.10.10"]
[EventType "swiss"]
[EventRounds "9"]
[EventCountry "RUF"]
[SourceTitle "CBM 132 Extra"]
[Source "ChessBase"]
[SourceDate "2009.11.03"]
[SourceVersion "1"]
[SourceVersionDate "2009.11.03"]
[SourceQuality "1"]

1. Nf3 e6 2. g3 d5 3. Bg2 Nf6 4. 0-0 c5 5. c4 Nc6 6. cxd5 exd5 7. d4 cxd4 8. Nxd4 Bc5 9. Nb3 Bb6 10. Nc3 Ne7 11. Bg5 Be6 12. Bxf6 gxf6 13. e4 Rg8 14. exd5 Bg4 15. Qd3 Bf5 16. Be4 Bh3 17. Rfe1 Qd6 18. Nb5 Qf4 19. Qf3 Qe5 20. Bxh7 Rxg3+ 21. hxg3 Bxf2+ 22. Qxf2 Qxd5 23. Nc7+ 1-0

[Event "Reunion op 09th"]
[Site "Reunion"]
[Date "2007.10.16"]
[Round "4"]
[White "Seegolam, Atmaram"]
[Black "Lecoro, Sylvain"]
[Result "1/2-1/2"]
[WhiteElo "1876"]
[BlackElo "1560"]
[PlyCount "68"]
[EventDate "2007.10.14"]
[EventType "swiss"]
[EventRounds "9"]
[EventCountry "RUF"]
[SourceTitle "EXT 2012"]
[Source "ChessBase"]
[SourceDate "2011.11.24"]
[SourceVersion "1"]
[SourceVersionDate "2011.11.24"]
[SourceQuality "1"]

1. c4 e6 2. g3 d5 3. Bg2 c5 4. b3 Nf6 5. Bb2 Nc6 6. Nf3 Bd6 7. cxd5 exd5 8. 0-0 0-0 9. d3 Re8 10. e3 Bg4 11. Qc2 Bxf3 12. Bxf3 Ne5 13. Bg2 Rc8 14. Qd1 Qb6 15. d4 Neg4 16. h3 Nh6 17. dxc5 Bxc5 18. Nd2 Nf5 19. Bxf6 Qxf6 20. Qf3 Qg6 21. Kh2 Rc6 22. Qd1 Rce6 23. Qg4 Qf6 24. Bxd5 Nh6 25. Qf3 Qxf3 26. Nxf3 Rd6 27. Bxb7 Nf5 28. e4 Ne7 29. Rad1 Red8 30. Rxd6 Rxd6 31. Rc1 Bxf2 32. Kg2 Be3 33. Rc2 f6 34. g4 g5 1/2-1/2